Pablo : con el filo de la hoja /

Guardado en:
Bibliografiske detaljer
Hovedforfatter: Casaus, Víctor, 1944-
Format: Ukendt
Sprog:Spanish
Udgivet: Cuba : Ediciones Unión, 1983.
Fag:
Tags: Tilføj Tag
Ingen Tags, Vær først til at tagge denne postø!

MARC

LEADER 000000000a22000000004500
001 002157
041 0 |a spa 
082 0 4 |a 92   |b T695c 
100 1 |a Casaus, Víctor,   |d 1944- 
245 1 0 |a Pablo :   |b con el filo de la hoja /   |c Víctor Casaus. 
260 1 |a Cuba :   |b Ediciones Unión,   |c 1983. 
300 |a 235 páginas 
650 4 |a TORRENTE BRAU, PABLO DE LA 
999 |c 8740  |d 8740 
942 |c BK  |h 92 T695c  |2 z